| 000 | 00515nam a2200181 a 4500 | ||
|---|---|---|---|
| 001 | 11174 | ||
| 003 | CO-ViMGA | ||
| 008 | 141112s2004 ck r 000 u spa d | ||
| 040 |
_aCO-ViMGA _bspa _cCO-ViMGA |
||
| 082 | 0 | 4 | _aA860.4 M17j2 |
| 100 | 1 |
_aMosca, Stefania _915531 |
|
| 245 | 1 | 0 |
_aJorge Luis Borges : _bUtopia y realidad |
| 260 |
_aCaracas, _cMonte Avila editores, _c1983 |
||
| 300 | _a156 p. | ||
| 650 | 1 | 4 |
_aBORGES JORGE LUIS 1899 - 1986 _952849 |
| 650 | 1 | 4 |
_aCRITICA E INTERPRETACION _955140 |
| 942 |
_2ddc _cBK |
||
| 999 |
_c22387 _d22387 |
||